000 00637nmc a2200253 a 4500
003 AR-X00000XY
005 20251128211922.0
008 087020s2002 ||||||||||||||000 | spa||
020 _a950-782-298-4
040 _cAR-X00000XY
100 1 _aBornemann, Elsa
245 1 0 _aManos
260 _aBuenos Aires
_bGenios
_c2002
300 0 _a23 p.
_bil.
490 0 _aCuento con vos
_vv. 2
650 4 _aLITERATURA INFANTIL
650 4 _aLITERATURA ARGENTINA
650 4 _aCUENTOS DE TERROR
653 0 _aCUENTOS DE MISTERIO
655 _aLITERATURA
700 1 _aPez, Alberto
_eilustrador
942 _cBK
998 _cna-calidad
999 _c21619
_d21619